Amorphous magnetism and metallic magnetic materials digest (Record no. 9892)

000 -LEADER
fixed length control field 00613nam a22002177a 4500
001 - CONTROL NUMBER
control field 9892
003 - CONTROL NUMBER IDENTIFIER
control field BD-DhUET
008 - FIXED-LENGTH DATA ELEMENTS--GENERAL INFORMATION
fixed length control field 150203b xxu||||| |||| 00| 0 eng d
020 ## - INTERNATIONAL STANDARD BOOK NUMBER
International Standard Book Number 0444865322
040 ## - CATALOGING SOURCE
Original cataloging agency DLC
Transcribing agency DLC
Modifying agency BD-DhUET
082 ## - DEWEY DECIMAL CLASSIFICATION NUMBER
Classification number 538.4016
Item number FER/1987
100 ## - MAIN ENTRY--PERSONAL NAME
Personal name Ferchmin, A. R.
245 ## - TITLE STATEMENT
Title Amorphous magnetism and metallic magnetic materials digest
250 ## - EDITION STATEMENT
Edition statement 1st ed.
260 ## - PUBLICATION, DISTRIBUTION, ETC. (IMPRINT)
Place of publication, distribution, etc. New York
Name of publisher, distributor, etc. North-Holland Publishing
Date of publication, distribution, etc. 1987
300 ## - PHYSICAL DESCRIPTION
Extent xi,353p.
490 ## - SERIES STATEMENT
Series statement Series of monographa on selected topics n solid state physics
650 #0 - SUBJECT ADDED ENTRY--TOPICAL TERM
Topical term or geographic name as entry element Magnetic materials
700 ## - ADDED ENTRY--PERSONAL NAME
Personal name Kobe, S.
942 ## - ADDED ENTRY ELEMENTS (KOHA)
Koha item type General Book
Holdings
Not for loan Shelving location Copy number Lost status Koha date last seen Koha full call number Damaged status Source of classification or shelving scheme Koha collection Withdrawn status Koha item type Koha normalized classification for sorting Location (home branch) Date acquired Piece designation (barcode) Price effective from Sublocation or collection (holding branch)
 Circulation section1 2015-02-03538.4016/FER/1987    General Book538_401600000000000_FER_1987Central Library, BUET2015-02-0360144 2015-02-03Central Library, BUET
 Circulation section2 2016-04-13538.44016/FER/1987  Non Fiction General Book538_440160000000000_FER_1987Central Library, BUET2015-02-04690782015-02-04Central Library, BUET